000 00694nam a2200277 a 4500
003 AR-BaBNM
005 20251128205543.0
008 082120s2002 ||||||||||||||000 | spa||
020 _a950-9314-01-3
040 _cAR-BaBNM
100 1 _aGaleano, Eduardo
245 0 0 _aDías y noches de amor y de guerra
250 _a1ª ed.
260 _aBuenos Aires
_bCatálogos
_c1997
300 _a219 p.
650 4 _aLITERATURA LATINOAMERICANA
650 4 _aENSAYO
650 4 _aTESTIMONIOS
650 4 _aLITERATURA CONTEMPORANEA
650 4 _aEXILIO
653 _aLITERATURA URUGUAYA
653 _aLITERATURA COMPROMETIDA
655 _aLITERATURA
942 _cBK
998 _cMARTIN
999 _c11863
_d11863